000 00651nam a2200241Ia 4500
003 OSt
005 20221005123848.0
006 a|||||r|||| 00| 0
007 ta
008 221004b |||||||| |||| 00| 0 eng d
024 _a70080
037 _cTextual
040 _aCRL
_cCRL
_beng
041 _2eng
_aeng
082 _aY1, J4
100 _aSimpson George
245 0 _aMan in society, preface ot sociology and the social sciences
260 _c1954
490 _aDoubleday short studies in sociology, ed. by charles H. Page.
650 _aSOCIOLOGY
942 _hY1, J4
_cTEXL
_2cc
999 _c1048722
_d1048722